[Event "Cto. Autonómico por Equipos 2007"]
[Site "Aragón"]
[Date "2007.04.28"]
[Round "12.26"]
[White "Monter Solans Juan"]
[Black "Carruez Berges Fernando"]
[Result "0-1"]
[WhiteElo "1776"]
[BlackElo "2180"]

1.e4 e6 2.Nf3 d5 3.exd5 exd5 4.d4 Bg4 5.Be2 Bd6 6.h3 Bh5 7.O-O Nd7 8.Re1 Ne7
9.Nh4 Bxe2 10.Qxe2 O-O 11.Qg4 Nf6 12.Qd1 Ne4 13.Nd2 f5 14.Nxe4 fxe4 15.Qg4 Qe8
16.g3 Qf7 17.Be3 b6 18.a3 c5 19.c3 Kh8 20.Rac1 g6 21.Rc2 Nf5 22.Nxf5 gxf5 23.
Qh4 f4 24.gxf4 c4 25.Kf1 Rg8 26.Ke2 Raf8 27.Rcc1 Bxf4 28.Bxf4 Qxf4 29.Qxf4
Rxf4 30.Rg1 Rg6 31.Rxg6 hxg6 32.Rg1 Kh7 33.Rg3 Kh6 34.Kf1 g5 35.Kg2 Kh5 36.f3
exf3+ 37.Rxf3 Rxf3 38.Kxf3 Kh4 39.Kg2 g4 40.hxg4 Kxg4 41.Kf2 Kf4 42.Ke2 Ke4
43.Kd2 Kf3 44.Kc2 Ke2 45.Kc1 b5 46.Kc2 a5 47.Kc1 Kd3 48.Kd1 b4 49.axb4 axb4
50.cxb4 Kxd4 51.Kd2 Ke5 52.b5 d4 53.b3 c3+ 0-1

[Event "Cto. Autonómico por Equipos 2007"]
[Site "Aragón"]
[Date "2007.04.28"]
[Round "12.27"]
[White "Mimbela Luis"]
[Black "Salas J"]
[Result "1-0"]
[WhiteElo "2174"]
[BlackElo "1721"]

1.d4 d6 2.e4 g6 3.Nc3 Bg7 4.Be2 Nf6 5.Nf3 c6 6.a4 O-O 7.h3 Nbd7 8.O-O Qc7 9.
Be3 a6 10.Qd2 e5 11.dxe5 dxe5 12.a5 Qd8 13.Rfd1 Qe7 14.Qd6 Qxd6 15.Rxd6 Re8
16.Bc4 Bf8 17.Rd2 h6 18.Ne1 Nc5 19.f3 Be6 20.Bxe6 Nxe6 21.Nd3 Nd4 22.Bxd4 exd4
23.Na4 Red8 24.Ndc5 Nd7 25.Nxd7 Rxd7 26.Nb6 Rad8 27.Nxd7 Rxd7 28.Kf1 h5 29.Ra4
c5 30.Ke2 Bh6 31.Rd1 Be3 32.Kd3 Rc7 33.Rc4 Rc6 34.Rb1 Kg7 35.b4 b5 36.Rxc5 Re6
37.c3 Bf2 38.Rb2 Bg1 39.cxd4 1-0

[Event "Cto. Autonómico por Equipos 2007"]
[Site "Aragón"]
[Date "2007.04.28"]
[Round "12.28"]
[White "Torres Castello Antonio"]
[Black "Carruez Berges Santiago"]
[Result "0-1"]
[WhiteElo "2119"]
[BlackElo "1577"]

1.e4 e6 2.d4 d5 3.exd5 exd5 4.Bd3 Nc6 5.c3 Bd6 6.Ne2 Bg4 7.f3 Bh5 8.Bf4 Bg6 9.
Bxd6 Qxd6 10.Na3 O-O-O 11.Qd2 Bxd3 12.Qxd3 Qg6 13.Qxg6 hxg6 14.O-O-O g5 15.Nc2
Nf6 16.g4 Rh3 17.Ng3 Rdh8 18.Rd2 Rxg3 19.Rf2 Rgh3 20.Ne3 Nd8 21.Nd1 Ne6 22.Kd2
Nf4 23.a3 Kd7 24.b4 Ne8 25.Nb2 Nd6 26.a4 R3h6 27.Nd1 Nc4+ 28.Kc2 Re8 29.Kb3
Nd3 30.Rc2 Rf6 31.Rf1 Ne1 32.Rcf2 Nxf3 0-1

[Event "Cto. Autonómico por Equipos 2007"]
[Site "Aragón"]
[Date "2007.04.28"]
[Round "12.29"]
[White "Bayod Rubia Angel"]
[Black "Juberias Santiago"]
[Result "1/2-1/2"]
[WhiteElo "2080"]
[BlackElo "2144"]

1.Nf3 Nf6 2.g3 g6 3.Bg2 Bg7 4.O-O O-O 5.d4 d6 6.Re1 Nbd7 7.c4 e5 8.dxe5 dxe5
9.e4 c6 10.Nc3 Qc7 11.Qc2 Rd8 12.b4 Nf8 13.Bb2 Bg4 14.h3 Bxf3 15.Bxf3 Ne6 16.
Ne2 Rd7 17.Rad1 Rad8 18.Rxd7 Rxd7 19.Rd1 Rxd1+ 20.Qxd1 Ng5 21.Bg2 Ngxe4 22.Qd3
Ng5 23.Qe3 Ne6 24.Bxe5 Qd7 25.Qxa7 Qd1+ 26.Bf1 Ne4 27.Qb8+ Bf8 28.Nc3 Nxc3 29.
Bxc3 Ng5 30.h4 Nf3+ 31.Kg2 Qc2 32.Kxf3 Qxc3+ 33.Kg2 Qxb4 34.Qc7 Qb2 35.a4 Bc5
36.Qf4 Bd4 37.Bd3 Qc3 38.Qe4 Qb2 39.Bc2 h5 40.Qd3 1/2-1/2

[Event "Cto. Autonómico por Equipos 2007"]
[Site "Aragón"]
[Date "2007.04.28"]
[Round "12.30"]
[White "Antonano Fernandez Avelino"]
[Black "Lopez Guaita Fernando"]
[Result "1/2-1/2"]
[WhiteElo "2097"]
[BlackElo "2066"]

1.e4 e5 2.Nf3 Nc6 3.d4 exd4 4.Bc4 Nf6 5.e5 d5 6.Bb5 Ne4 7.Nxd4 Bd7 8.Bxc6 bxc6
9.O-O Be7 10.f3 Nc5 11.Nc3 O-O 12.Be3 f6 13.f4 fxe5 14.fxe5 Rxf1+ 15.Qxf1 Bg5
16.Qe2 Bxe3+ 17.Qxe3 Qe7 18.Re1 Re8 19.Nb1 Ne4 20.e6 Bxe6 21.Nxe6 Qxe6 22.Qxa7
Rf8 23.Qe3 Qf6 24.Nc3 Nxc3 1/2-1/2

[Event "Cto. Autonómico por Equipos 2007"]
[Site "Aragón"]
[Date "2007.04.28"]
[Round "12.31"]
[White "Bailo Remacha Santiago"]
[Black "Pes Mateo Angel"]
[Result "1-0"]
[WhiteElo "2039"]
[BlackElo "2050"]

1.b3 d5 2.Bb2 Bf5 3.d3 Nd7 4.g3 Ngf6 5.Bg2 e6 6.Nd2 Bc5 7.e4 Bg6 8.e5 Ng8 9.h4
h6 10.h5 Bh7 11.Qg4 Qg5 12.Qa4 c6 13.Ngf3 Qe7 14.O-O-O a5 15.Qg4 Qf8 16.Nh4 a4
17.f4 axb3 18.axb3 Ne7 19.Qf3 Nf5 20.Nxf5 exf5 21.g4 Ba3 22.Nb1 Bxb2+ 23.Kxb2
Nc5 24.Bh3 Ne6 25.gxf5 Nd4 26.Qg4 Bxf5 27.Qg1 Bxh3 28.Rxh3 Qc5 29.Rh2 Ne6 30.
d4 Qa5 31.f5 Ng5 32.e6 Qa1+ 33.Kc1 O-O 34.Qe3 Ra2 35.Qc3 Qxc3 36.Nxc3 Ra1+ 37.
Kb2 Rxd1 38.Nxd1 fxe6 39.fxe6 Nxe6 40.c3 Rf3 41.Kc2 Nf4 42.Rh4 Kf7 43.Kd2 Kf6
44.Ne3 Rxe3 45.Rxf4+ 1-0

[Event "Cto. Autonómico por Equipos 2007"]
[Site "Aragón"]
[Date "2007.04.28"]
[Round "12.32"]
[White "Calvo Mayayo Jose Maria"]
[Black "Dominguez Castillo Alejandro"]
[Result "1/2-1/2"]
[WhiteElo "2019"]
[BlackElo "1794"]

1.c4 c5 2.Nc3 Nc6 3.g3 Nf6 4.Bg2 g6 5.e3 Bg7 6.Nge2 d6 7.O-O Be6 8.Nd5 Qd7 9.
d4 Bg4 10.f3 Bh3 11.Bxh3 Qxh3 12.Nc7+ Kf8 13.Nxa8 Qc8 14.a3 Qxa8 15.Rb1 Qc8
16.b4 cxb4 17.axb4 h5 18.Nf4 Nd8 19.c5 d5 20.h4 Qf5 21.Qd3 Qd7 22.Kg2 Bh6 23.
b5 g5 24.hxg5 Bxg5 25.Rh1 Ne6 26.Nxe6+ Qxe6 27.Bd2 Rg8 28.Rh3 h4 29.Rbh1 Nh5
30.g4 Ng3 31.Ra1 f5 32.Rxa7 fxg4 33.fxg4 Qxg4 34.Ra8+ Kf7 35.Rxg8 Ne4+ 36.Kh2
Kxg8 37.c6 bxc6 38.bxc6 Kg7 39.Be1 1/2-1/2